International money and finance /

Introduction. Some basic concepts in international finance. Spot and forward exchange rates. Income and the balance of payments. Macroeconomics in an open economy. International policy coordination. Purchasing power parity...

Đã lưu trong:
書目詳細資料
主要作者: Hallwood, Paul C.
其他作者: MacDonald, Ronald.
格式: 圖書
語言:English
出版: Malden, MA : Blackwell, 2000.
版:3rd ed.
主題:
標簽: 添加標簽
沒有標簽, 成為第一個標記此記錄!
Thư viện lưu trữ: Mạng thư viện Đại học Đà Nẵng
LEADER 01136cam a2200361 i 4500
001 000048490
003 8209
005 20030321161744.0
008 010315|2000 vm 000 eng
020 |a 0631204628 
040 |a IRC  |c IRC  |d IRC 
041 0 |a eng 
082 1 4 |a 332.45  |b HA-P 
100 1 |a Hallwood, Paul C. 
245 0 0 |a International money and finance /  |c C. Paul Hallwood and Ronald MacDonald. 
250 |a 3rd ed. 
260 |a Malden, MA :  |b Blackwell,  |c 2000. 
300 |a xviii, 547 p. :  |b ill. ;  |c 24.5cm. 
520 3 |a Introduction. Some basic concepts in international finance. Spot and forward exchange rates. Income and the balance of payments. Macroeconomics in an open economy. International policy coordination. Purchasing power parity... 
630 0 4 |a Finance. 
630 0 4 |a Economics. 
650 0 4 |a International finance. 
700 1 |a MacDonald, Ronald. 
OWN |a DUT 
999 |a From the UDN01 
TYP |a Monograph 
TYP |a Printed language 
980 |a Mạng thư viện Đại học Đà Nẵng